[Event "Santa Maria 1st"]
[Site "Santa Maria de Jetiba"]
[Date "2020.03.18"]
[Round "7"]
[White "De Castro, Patrick de Mattos"]
[Black "De Freitas, Fabio Ribeiro"]
[Result "1-0"]
[WhiteElo "1723"]
[BlackElo "1800"]
[PlyCount "113"]
[EventDate "2020.03.14"]
[EventType "tourn"]
[EventRounds "11"]
[EventCountry "BRA"]
[SourceTitle "CBM 195 Extra"]
[Source "ChessBase"]
[SourceDate "2020.05.31"]
[SourceVersion "1"]
[SourceVersionDate "2020.05.31"]
[SourceQuality "1"]

1. e4 e5 2. Nf3 Nc6 3. d4 exd4 4. Bc4 Bc5 5. 0-0 Nf6 6. e5 d5 7. exf6 dxc4 8. Re1+ Be6 9. Ng5 Qd5 10. Nc3 Qf5 11. g4 Qg6 12. Nce4 Bb6 13. f4 gxf6 14. f5 Bxf5 15. gxf5 Qg7 16. Nxf6+ Kd8 17. Ng4 h6 18. Nxh6 Rxh6 19. Kh1 Kd7 20. f6 Rxh2+ 21. Kxh2 Rh8+ 22. Nh3 Qg6 23. Qe2 Qf5 24. Qf1 Qxc2+ 25. Qg2 Qxg2+ 26. Kxg2 d3 27. Bd2 Nd4 28. Rac1 Nc2 29. Re4 Re8 30. Rxe8 Kxe8 31. Ng5 Bd4 32. Ne4 Bxb2 33. Rb1 Bd4 34. Rxb7 Bb6 35. Kf3 Nd4+ 36. Kg4 Nc6 37. Ng5 Ne5+ 38. Kf5 Nd7 39. a4 a5 40. Nf3 Kd8 41. Ne5 Kc8 42. Rxb6 Nxb6 43. Nxf7 Nxa4 44. Nd6+ cxd6 45. f7 c3 46. f8Q+ Kb7 47. Bxc3 Nxc3 48. Qg7+ Kb6 49. Qxc3 Kb5 50. Qxd3+ Kb4 51. Qxd6+ Kb3 52. Qd1+ Kb4 53. Qa1 a4 54. Ke4 Kb3 55. Kd3 Kb4 56. Qc3+ Kb5 57. Qa3 1-0

[Event "Santa Maria 1st"]
[Site "Santa Maria de Jetiba"]
[Date "2020.03.15"]
[Round "3"]
[White "Rodrigues, Vinicius Descovi"]
[Black "De Castro, Patrick de Mattos"]
[Result "1/2-1/2"]
[WhiteElo "1800"]
[BlackElo "1723"]
[PlyCount "32"]
[EventDate "2020.03.14"]
[EventType "tourn"]
[EventRounds "11"]
[EventCountry "BRA"]
[SourceTitle "CBM 195 Extra"]
[Source "ChessBase"]
[SourceDate "2020.05.31"]
[SourceVersion "1"]
[SourceVersionDate "2020.05.31"]
[SourceQuality "1"]

1. e4 d5 2. e5 c5 3. f4 Nc6 4. Nf3 Bf5 5. Bb5 Qb6 6. Bxc6+ bxc6 7. d3 e6 8. Nc3 c4 9. dxc4 Bc5 10. cxd5 cxd5 11. Na4 Qb4+ 12. c3 Qe4+ 13. Kf1 Qc4+ 14. Ke1 Qe4+ 15. Kf1 Qc4+ 16. Ke1 Qe4+ 1/2-1/2

[Event "Santa Maria 1st"]
[Site "Santa Maria de Jetiba"]
[Date "2020.03.14"]
[Round "2"]
[White "De Castro, Patrick de Mattos"]
[Black "Tombesi, Wilson Roberto Lope"]
[Result "0-1"]
[WhiteElo "1723"]
[BlackElo "1776"]
[PlyCount "88"]
[EventDate "2020.03.14"]
[EventType "tourn"]
[EventRounds "11"]
[EventCountry "BRA"]
[SourceTitle "CBM 195 Extra"]
[Source "ChessBase"]
[SourceDate "2020.05.31"]
[SourceVersion "1"]
[SourceVersionDate "2020.05.31"]
[SourceQuality "1"]

1. e4 e5 2. Nf3 d6 3. d4 exd4 4. Nxd4 g6 5. Nc3 c6 6. g3 Bg7 7. Bg2 Nd7 8. 0-0 Ngf6 9. Be3 Ne5 10. Qe2 0-0 11. h3 a6 12. f4 Ned7 13. Rad1 Qc7 14. Qd2 Ne8 15. Nce2 Ndf6 16. g4 c5 17. Nb3 Rb8 18. e5 dxe5 19. Bxc5 e4 20. Bxf8 Bxf8 21. c3 b5 22. Kh1 Bb7 23. f5 Be7 24. fxg6 hxg6 25. Nf4 Bd6 26. Qe3 Qe7 27. Nd4 Qe5 28. Qg1 Qc5 29. Qe3 Qc7 30. Nde2 Bc5 31. Nd4 Qe7 32. Qg3 Bd6 33. Qh4 Qe5 34. g5 Nh5 35. Nde2 Neg7 36. Rxd6 Qxd6 37. Nxh5 Nxh5 38. Qf2 Rf8 39. h4 Qe5 40. Qd4 Qe7 41. Rd1 e3 42. Bxb7 Qxb7+ 43. Qd5 Qc8 44. Kh2 Qg4 0-1

[Event "Santa Maria 1st"]
[Site "Santa Maria de Jetiba"]
[Date "2020.03.14"]
[Round "1"]
[White "Moreira, Etchiel Ribeiro"]
[Black "De Castro, Patrick de Mattos"]
[Result "1-0"]
[WhiteElo "1800"]
[BlackElo "1723"]
[PlyCount "81"]
[EventDate "2020.03.14"]
[EventType "tourn"]
[EventRounds "11"]
[EventCountry "BRA"]
[SourceTitle "CBM 195 Extra"]
[Source "ChessBase"]
[SourceDate "2020.05.31"]
[SourceVersion "1"]
[SourceVersionDate "2020.05.31"]
[SourceQuality "1"]

1. e4 c5 2. Nf3 e6 3. d3 Nc6 4. Nbd2 g6 5. g3 Bg7 6. Bg2 Nge7 7. 0-0 0-0 8. Re1 d6 9. c3 Rb8 10. Nb3 b5 11. d4 c4 12. Nbd2 d5 13. e5 Bd7 14. Nf1 Nf5 15. Bf4 b4 16. Qd2 a5 17. h4 a4 18. Ne3 a3 19. Nxf5 exf5 20. bxa3 bxa3 21. Rab1 Be6 22. Bh6 Qc7 23. Bxg7 Kxg7 24. h5 Rxb1 25. Rxb1 Rb8 26. Rxb8 Qxb8 27. hxg6 hxg6 28. Kf1 Qb1+ 29. Ke2 Na5 30. Ne1 Nb3 31. Qc2 Qxa2 32. Qxa2 Nc1+ 33. Kd2 Nxa2 34. Nc2 f6 35. exf6+ Kxf6 36. Nxa3 g5 37. Kc2 f4 38. Kb2 Nxc3 39. Kxc3 fxg3 40. fxg3 g4 41. Nc2 1-0